Statistics for 赤福を販売している鉄道駅

Click here to take the quiz!

General Stats

  • This quiz has been taken 5 times
  • The average score is 23 of 26

Answer Stats

HintAnswer% Correct
三重県伊勢市駅
100%
愛知県名古屋駅
100%
奈良県大和八木駅
100%
京都府京都駅
100%
兵庫県三ノ宮駅
100%
大阪府新大阪駅
100%
大阪府大阪駅
100%
大阪府大阪上本町駅
100%
三重県宇治山田駅
100%
大阪府鶴橋駅
100%
三重県桑名駅
100%
三重県四日市駅
100%
三重県白子駅
100%
三重県津駅
100%
三重県松阪駅
100%
三重県鳥羽駅
100%
三重県鵜方駅
100%
三重県賢島駅
100%
奈良県奈良駅
100%
愛知県金山駅
67%
大阪府難波駅
67%
大阪府天王寺駅
67%
兵庫県新神戸駅
67%
奈良県大和西大寺駅
67%
大阪府阿部野橋駅
33%
三重県伊勢中川駅
33%

Score Distribution

Percentile by Number Answered

Percent of People with Each Score

Your Score History

You have not taken this quiz